| 000 | 01075nam a2200229 a 4500 | ||
|---|---|---|---|
| 001 | 000038133 | ||
| 005 | 20201002031200.0 | ||
| 008 | 110216s1975 ag r 000 0 spa d | ||
| 040 |
_aDO-SdBNP _bspa _cBNPHU |
||
| 082 |
_axxxx _bB655t |
||
| 100 | 1 |
_aBloom, Benjamín S. _952060 |
|
| 245 | 1 | 0 |
_aTaxonomía de los objetivos de la educación : _bla clasificación de las metas educacionales, manuales I y II / _cBenjamín S. Bloom ; traducción Marcelo Pérez Rivas ; prólogo Antonio F. Salonia. |
| 250 | _a5a ed. | ||
| 260 |
_aBuenos Aires, Argentina : _bEl Ateneo, _c1975. |
||
| 300 |
_axiv, 355 p. : _bil., diagrs. ; _c22.5 cm. |
||
| 490 | 1 | _aBiblioteca nuevas orientaciones de la educación, problemática de la educación. | |
| 500 | _aIncluye referencia bibliográfica p. [353-355]. | ||
| 504 | _aIncluye referencias bibliográficas y notas al pie de las páginas. | ||
| 700 | 1 |
_aPérez Rivas, Marcelo, _etr _911475 |
|
| 700 | 1 |
_aSalonia, Antonio F., _epról. _952061 |
|
| 830 | 0 |
_aBiblioteca nuevas orientaciones de la educación, _kproblemática de la educación. _952062 |
|
| 999 |
_c37623 _d37623 |
||